01235pab a2200133 454500008004000000100002700040245013100067260000900198300001300207362000800220520079900228650002601027773004801053180718b2004 xxu||||| |||| 00| 0 eng d aPenalosa, Ma Carmen V. aComing to terms with indigenous governance institutions in the cordillera region: a preliminary look at the Kalinga experience c2004 ap.40-85. aApr aCenturies-old hostilities among the indigenous peoples of the Cordillera (which include the Kalingas) intensified in the 1970s with the entry of the national government intervention. At the center of the hostilities was the indigenous peoples' struggle for self-determination and self-governance. The study reveals that the Kaingas have different but highly desirable governance practices that existed way before the inception of the nation. Kalinga institutions are discussed and then evaluated based on themes of interest to public administration. Furthermore, the study examined the implications of the Kalinga system of governance to modern day administration of local and national affairs, particularly in relation to the desire of the indigenous peoples for self-governance. - Reproduced. aPublic administration aPhilippine Journal of Public Administration